[Event "Francisco Martinez 8th tt"]
[Site "Santa Clara"]
[Date "2018.08.20"]
[Round "8.3"]
[White "Charon Mustelier, Manuel"]
[Black "Alvarez Calzadilla, Jose Avelino"]
[Result "0-1"]
[WhiteElo "2171"]
[BlackElo "2120"]
[PlyCount "96"]
[EventDate "2018.08.16"]
[EventType "team-tourn"]
[EventRounds "10"]
[EventCountry "CUB"]
[EventCategory "8"]
[SourceTitle "EXT 2021"]
[Source "ChessBase"]
[SourceDate "2020.10.23"]
[SourceVersion "1"]
[SourceVersionDate "2020.10.23"]
[SourceQuality "1"]

1. e4 e5 2. Nf3 Nc6 3. Nc3 Nf6 4. Bb5 Bb4 5. d3 d6 6. 0-0 Bd7 7. Bg5 Bxc3 8. bxc3 h6 9. Bd2 a6 10. Ba4 b5 11. Bb3 Na5 12. c4 c5 13. Qe1 b4 14. d4 Nc6 15. dxe5 dxe5 16. c3 a5 17. Ba4 0-0 18. Bb5 Qc7 19. Rc1 Rfd8 20. h3 Nh5 21. Be3 bxc3 22. Bxc6 Bxc6 23. Qxc3 Nf4 24. Bxf4 exf4 25. Rfe1 Re8 26. Nd2 a4 27. Rb1 Rad8 28. Rbd1 Rd4 29. Nf3 Rdxe4 30. Rxe4 Rxe4 31. Re1 Qe7 32. Rxe4 Qxe4 33. Kh2 f6 34. Ne1 Qe2 35. f3 Qxa2 36. Nd3 Qb3 37. Qd2 Qxc4 38. Nxf4 Qd4 39. Qa2+ c4 40. Ng6 Kh7 41. Nf8+ Kg8 42. Ng6 Qd6+ 43. Kh1 Kf7 44. Nh8+ Kg8 45. Ng6 Kh7 46. Nh4 Qd4 47. Qb1+ Qd3 48. Qb6 a3 0-1

[Event "Moncada Cup-D"]
[Site "Santiago de Cuba"]
[Date "2018.03.27"]
[Round "10"]
[White "Charon Mustelier, Manuel"]
[Black "Serrano, Alain"]
[Result "1/2-1/2"]
[WhiteElo "2149"]
[BlackElo "2159"]
[PlyCount "41"]
[EventDate "2018.03.20"]
[EventType "tourn"]
[EventRounds "10"]
[EventCountry "CUB"]
[SourceTitle "EXT 2021"]
[Source "ChessBase"]
[SourceDate "2020.10.23"]
[SourceVersion "1"]
[SourceVersionDate "2020.10.23"]
[SourceQuality "1"]

1. e4 e5 2. Nf3 Nf6 3. Nxe5 d6 4. Nf3 Nxe4 5. Nc3 Nxc3 6. dxc3 Be7 7. Be3 Nc6 8. Qd2 Be6 9. 0-0-0 Qd7 10. Kb1 0-0-0 11. Ng5 Bxg5 12. Bxg5 f6 13. Be3 a6 14. f3 Rhe8 15. Bf2 h6 16. h3 Kb8 17. Re1 d5 18. Bd3 Bf7 19. Rxe8 Rxe8 20. Re1 Rxe1+ 21. Qxe1 1/2-1/2

[Event "Moncada Cup-D"]
[Site "Santiago de Cuba"]
[Date "2018.03.26"]
[Round "9"]
[White "Lavigne Lopez, Raul Leonardo"]
[Black "Charon Mustelier, Manuel"]
[Result "1-0"]
[WhiteElo "2155"]
[BlackElo "2149"]
[PlyCount "159"]
[EventDate "2018.03.20"]
[EventType "tourn"]
[EventRounds "10"]
[EventCountry "CUB"]
[SourceTitle "EXT 2021"]
[Source "ChessBase"]
[SourceDate "2020.10.23"]
[SourceVersion "1"]
[SourceVersionDate "2020.10.23"]
[SourceQuality "1"]

1. e4 e5 2. Nf3 f5 3. Nxe5 Qf6 4. d4 d6 5. Nc4 fxe4 6. Nc3 Qg6 7. Ne3 Nf6 8. Be2 c6 9. 0-0 Be7 10. f3 exf3 11. Bxf3 0-0 12. d5 c5 13. Nb5 Na6 14. c3 Rd8 15. a4 Bf8 16. Be2 Bd7 17. Bd3 Qh5 18. Qxh5 Nxh5 19. Bf5 Nf6 20. Bd2 Re8 21. Bxd7 Nxd7 22. Nc4 Nf6 23. Bf4 Nxd5 24. Bxd6 Bxd6 25. Ncxd6 Re2 26. Rf2 Rxf2 27. Kxf2 b6 28. Re1 c4 29. Rd1 Nf4 30. Nxc4 Nc5 31. g3 Nfe6 32. b4 Nxa4 33. Rd6 Ng5 34. Ke3 h6 35. Kd3 Nf7 36. Re6 a6 37. Nbd6 b5 38. Na5 Rd8 39. Re8+ Rxe8 40. Nxe8 Ne5+ 41. Kc2 g5 42. Nc7 Nf3 43. Nxa6 Nxh2 44. Nc7 Nf1 45. Nxb5 Nxg3 46. c4 h5 47. Nd4 g4 48. c5 h4 49. Nc4 Kf8 50. c6 Ke7 51. Ne3 h3 52. Nxg4 Nf1 53. Kb3 Nb6 54. b5 h2 55. Nxh2 Nxh2 56. Kb4 Kd6 57. Ka5 Nc4+ 58. Ka6 Ng4 59. b6 Nxb6 60. Kxb6 Nf6 61. Nb5+ Ke7 62. Nc3 Ne8 63. Ne4 Ke6 64. Kb7 Ke5 65. Ng5 Kd5 66. Nf7 Ke6 67. Nh6 Ke5 68. Ng4+ Ke6 69. Ne3 Ke5 70. Nc4+ Kd5 71. Nb6+ Ke6 72. Nd7 Nd6+ 73. Kb8 Ne8 74. Kc8 Kd6 75. Nb8 Nc7 76. Kb7 Nd5 77. Na6 Ne7 78. c7 Kd5 79. Nb4+ Kd6 80. Nc6 1-0

[Event "Moncada Cup-D"]
[Site "Santiago de Cuba"]
[Date "2018.03.22"]
[Round "4"]
[White "Charon Mustelier, Manuel"]
[Black "Lavigne Lopez, Raul Leonardo"]
[Result "1-0"]
[WhiteElo "2149"]
[BlackElo "2155"]
[PlyCount "119"]
[EventDate "2018.03.20"]
[EventType "tourn"]
[EventRounds "10"]
[EventCountry "CUB"]
[SourceTitle "EXT 2021"]
[Source "ChessBase"]
[SourceDate "2020.10.23"]
[SourceVersion "1"]
[SourceVersionDate "2020.10.23"]
[SourceQuality "1"]

1. Nf3 Nf6 2. g3 e6 3. Bg2 d5 4. 0-0 Be7 5. d3 c5 6. Nbd2 Nc6 7. e4 b6 8. Re1 Bb7 9. a3 0-0 10. e5 Nd7 11. h4 Qc7 12. Qe2 Rac8 13. c3 b5 14. Nf1 a5 15. Bf4 b4 16. Ne3 d4 17. Nd5 exd5 18. e6 Bd6 19. Bxd6 Qxd6 20. exd7 Qxd7 21. cxd4 cxd4 22. Ne5 Qd6 23. Nxc6 Qxc6 24. axb4 axb4 25. Qe5 Qb6 26. Rac1 h6 27. Rxc8 Rxc8 28. h5 Bc6 29. Rc1 Re8 30. Qf4 Rd8 31. Re1 Re8 32. Rxe8+ Bxe8 33. Bxd5 Qc5 34. Qe5 Kf8 35. Kh2 Qb6 36. Bc4 Bd7 37. Qf4 Be8 38. Qf5 Qd6 39. Bb3 Qb6 40. Qf4 Kg8 41. Bc4 Kf8 42. g4 Qc5 43. Kg3 Qb6 44. Qe5 Bd7 45. Qf4 Be8 46. Qf5 Qd6+ 47. f4 Qb6 48. Qd5 Kg8 49. Qe5 Kf8 50. g5 Bd7 51. Qd5 Be6 52. Qa8+ Ke7 53. Qe4 Kf8 54. Bxe6 fxe6 55. Qa8+ Ke7 56. Qg8 Kd6 57. Qxg7 hxg5 58. Qxg5 Qb7 59. Qe5+ Kc6 60. Qe4+ 1-0

[Event "Ciudad Heroe"]
[Site "Santiago de Cuba"]
[Date "2018.02.21"]
[Round "7"]
[White "Charon Mustelier, Manuel"]
[Black "Campos Jimenez, Augusto Cesar"]
[Result "0-1"]
[WhiteElo "2135"]
[BlackElo "2296"]
[PlyCount "118"]
[EventDate "2018.02.15"]
[EventType "tourn"]
[EventRounds "7"]
[EventCountry "CUB"]
[SourceTitle "EXT 2021"]
[Source "ChessBase"]
[SourceDate "2020.10.23"]
[SourceVersion "1"]
[SourceVersionDate "2020.10.23"]
[SourceQuality "1"]

1. e4 e5 2. Nf3 Nc6 3. Bc4 Nf6 4. d3 Be7 5. 0-0 0-0 6. Re1 d6 7. a4 Na5 8. Ba2 c5 9. Nbd2 Be6 10. Nf1 Nc6 11. Ng3 a6 12. h3 b5 13. Bxe6 fxe6 14. axb5 axb5 15. Rxa8 Qxa8 16. c3 Qa2 17. Qe2 b4 18. c4 Ra8 19. Be3 Nd8 20. Qd2 Qa4 21. Qd1 Qxd1 22. Rxd1 Nd7 23. Nd2 Ra2 24. Rb1 Nb6 25. b3 Nc6 26. Ne2 Nd7 27. Kf1 Nd4 28. Nc1 Ra3 29. Ke1 h6 30. Kd1 Bg5 31. Nf1 Nb8 32. Ng3 Nbc6 33. Nge2 Kf7 34. Kd2 Kg6 35. Kd1 Kh5 36. Nxd4 exd4 37. Bxg5 Kxg5 38. g3 Kf6 39. Ke2 g5 40. f4 Nd8 41. Kf3 Nf7 42. h4 Kg6 43. hxg5 hxg5 44. Kg2 Nh6 45. Kf3 Ng8 46. Kg2 Nf6 47. Kf3 Ra8 48. fxg5 Kxg5 49. Ne2 Ng4 50. Nf4 Nh2+ 51. Kf2 Ra2+ 52. Ne2 Ng4+ 53. Ke1 Ne5 54. Nf4 Kg4 55. Kd1 Kxg3 56. Ne2+ Kf3 57. Nc1 Rh2 58. Ra1 Ke3 59. Ra6 Rd2+ 0-1

[Event "Ciudad Heroe"]
[Site "Santiago de Cuba"]
[Date "2018.02.19"]
[Round "5"]
[White "Charon Mustelier, Manuel"]
[Black "Alvarez Calzadilla, Jose Avelino"]
[Result "1/2-1/2"]
[WhiteElo "2135"]
[BlackElo "2259"]
[PlyCount "86"]
[EventDate "2018.02.15"]
[EventType "tourn"]
[EventRounds "7"]
[EventCountry "CUB"]
[SourceTitle "EXT 2021"]
[Source "ChessBase"]
[SourceDate "2020.10.23"]
[SourceVersion "1"]
[SourceVersionDate "2020.10.23"]
[SourceQuality "1"]

1. e4 e5 2. Nf3 Nc6 3. Bb5 a6 4. Ba4 Nf6 5. d3 d6 6. c4 g6 7. Nc3 Bg7 8. 0-0 0-0 9. h3 h6 10. Re1 Nd7 11. Bxc6 bxc6 12. d4 exd4 13. Nxd4 Bb7 14. Be3 c5 15. Nde2 Re8 16. Qc2 Nb6 17. b3 Qe7 18. Ng3 Qf6 19. Bd2 Re7 20. Rac1 Rae8 21. Nd5 Nxd5 22. cxd5 h5 23. b4 cxb4 24. Bxb4 h4 25. Nf1 Qd4 26. Ba5 Rxe4 27. Red1 Qf6 28. Qxc7 Re2 29. Bb6 Bc8 30. Rc2 Bf5 31. Rxe2 Rxe2 32. Ne3 Bxh3 33. Qd8+ Qxd8 34. Bxd8 Bd7 35. Bxh4 Rxa2 36. Bg3 a5 37. Bxd6 a4 38. Nc4 Rc2 39. Ne3 Rc3 40. Rb1 a3 41. Rb8+ Kh7 42. Ra8 Rc1+ 43. Kh2 Bb2 1/2-1/2

[Event "Ciudad Heroe"]
[Site "Santiago de Cuba"]
[Date "2018.02.16"]
[Round "2"]
[White "Cazulo Ramirez, Jesus David"]
[Black "Charon Mustelier, Manuel"]
[Result "1/2-1/2"]
[WhiteElo "2212"]
[BlackElo "2135"]
[PlyCount "30"]
[EventDate "2018.02.15"]
[EventType "tourn"]
[EventRounds "7"]
[EventCountry "CUB"]
[SourceTitle "EXT 2021"]
[Source "ChessBase"]
[SourceDate "2020.10.23"]
[SourceVersion "1"]
[SourceVersionDate "2020.10.23"]
[SourceQuality "1"]

1. e4 e6 2. d4 d5 3. Nc3 dxe4 4. Nxe4 Bd7 5. Nf3 Bc6 6. Bd3 Nd7 7. Qe2 Ngf6 8. Bf4 Bxe4 9. Bxe4 Nxe4 10. Qxe4 c6 11. 0-0 Be7 12. Rfe1 0-0 13. c3 a5 14. a4 Re8 15. Qc2 Nb6 1/2-1/2